|
|
|
|
| LEADER |
00000cam a22000004a 4500 |
| 001 |
musev2_62297 |
| 003 |
MdBmJHUP |
| 005 |
20230905050418.0 |
| 006 |
m o d |
| 007 |
cr||||||||nn|n |
| 008 |
181030s2019 miu o 00 0 eng d |
| 020 |
|
|
|a 9781609175849
|
| 020 |
|
|
|z 9781628963496
|
| 020 |
|
|
|z 9781628953497
|
| 020 |
|
|
|z 9781611863055
|
| 035 |
|
|
|a (OCoLC)1059329344
|
| 040 |
|
|
|a MdBmJHUP
|c MdBmJHUP
|
| 100 |
1 |
|
|a Jakes, Kelly,
|e author.
|
| 245 |
1 |
0 |
|a Strains of Dissent :
|b Popular Music and Everyday Resistance in WWII France, 1940 - 1945 /
|c Kelly Jakes.
|
| 264 |
|
1 |
|a East Lansing :
|b Michigan State University Press,
|c [2019]
|
| 264 |
|
3 |
|a Baltimore, Md. :
|b Project MUSE,
|c 2018
|
| 264 |
|
4 |
|c ©[2019]
|
| 300 |
|
|
|a 1 online resource (255 pages).
|
| 336 |
|
|
|a text
|b txt
|2 rdacontent
|
| 337 |
|
|
|a computer
|b c
|2 rdamedia
|
| 338 |
|
|
|a online resource
|b cr
|2 rdacarrier
|
| 490 |
0 |
|
|a Rhetoric and public affairs series
|
| 505 |
0 |
|
|a Intro; Contents; Acknowledgments; Preface; Chapter 1. Repertoires of Resistance: Musical Resources for Reimagining the Nation; Chapter 2. La France en Chantant: The Rhetorical Construction of French Identity in Songs of the Resistance Movement; Chapter 3. Zazous in Zoot Suits: Race Play in Occupied Paris; Chapter 4. From Prisoners to Men: Operettas on the POW Camp Stage; Chapter 5. GI Jazz: Music and Power in Liberation France; Conclusion; Notes; Bibliography; Index.
|
| 520 |
3 |
|
|a During the German Occupation from 1940 to 1944, Resistance fighters, Parisian youth, and French prisoners of war mined a vast repertoire from a long national musical tradition and a burgeoning international entertainment industry, embracing music as a rhetorical resource with which to destabilize Nazi ideology and contest collaborationist Vichy propaganda. After the Liberation of 1944, popular music continued to mediate French political life, helping citizens to challenge American hegemony and recuperate their nation's lost international standing. Ultimately, through song, French dissidents rejected Nazi subordination, the politics of collaboration, and American intervention and insisted upon a return to that trinity of traditional French values, liberte, egalite, fraternite. Strains of Dissent recovers the significance of music as a rhetorical means of survival, subversion, and national identity construction and illuminates the creative and cunning ways that individual citizens defied the Occupation outside of formal resistance networks and movements -- Publisher's website.
|
| 588 |
|
|
|a Description based on print version record.
|
| 650 |
|
7 |
|a Popular music
|x Political aspects.
|2 fast
|0 (OCoLC)fst01071452
|
| 650 |
|
7 |
|a Popular music.
|2 fast
|0 (OCoLC)fst01071422
|
| 650 |
|
7 |
|a Music and war.
|2 fast
|0 (OCoLC)fst01030492
|
| 650 |
|
7 |
|a HISTORY
|z Europe
|z France.
|2 bisacsh
|
| 650 |
|
6 |
|a Musique populaire
|z France
|y 1941-1950
|x Histoire et critique.
|
| 650 |
|
6 |
|a Guerre mondiale, 1939-1945
|x Musique et guerre.
|
| 650 |
|
6 |
|a Musique populaire
|x Aspect politique
|z France
|x Histoire
|y 20e siecle.
|
| 650 |
|
0 |
|a Popular music
|z France
|y 1941-1950
|x History and criticism.
|
| 650 |
|
0 |
|a World War, 1939-1945
|x Music and the war.
|
| 650 |
|
0 |
|a Popular music
|x Political aspects
|z France
|x History
|y 20th century.
|
| 651 |
|
7 |
|a France.
|2 fast
|0 (OCoLC)fst01204289
|
| 655 |
|
7 |
|a History.
|2 fast
|0 (OCoLC)fst01411628
|
| 655 |
|
7 |
|a Criticism, interpretation, etc.
|2 fast
|0 (OCoLC)fst01411635
|
| 655 |
|
7 |
|a Electronic books.
|2 local
|
| 710 |
2 |
|
|a Project Muse.
|e distributor
|
| 830 |
|
0 |
|a Book collections on Project MUSE.
|
| 856 |
4 |
0 |
|z Texto completo
|u https://projectmuse.uam.elogim.com/book/62297/
|
| 945 |
|
|
|a Project MUSE - Custom Collection
|
| 945 |
|
|
|a Project MUSE - 2018 Complete
|
| 945 |
|
|
|a Project MUSE - 2018 Film, Theater and Performing Arts
|